Kitakami Pokémon (Hard Edition) - Statistics

General Stats
  • This quiz has been taken 26 times
  • The average score is 146 of 200
Answer Stats
No. Pokémon % Correct
#199 Fezandipiti
100%
#198 Munkidori
100%
#197 Okidogi
100%
#035 Appletun
92%
#033 Applin
92%
#019 Arbok
92%
#002 Ariados
92%
#194 Basculin
92%
#011 Corphish
92%
#012 Crawdaunt
92%
#036 Dipplin
92%
#007 Poochyena
92%
#003 Yanma
92%
#018 Ekans
92%
#034 Flapple
92%
#010 Illumise
92%
#135 Koffing
92%
#008 Mightyena
92%
#038 Ninetales
92%
#200 Ogerpon
92%
#068 Phantump
92%
#020 Pichu
92%
#021 Pikachu
92%
#076 Poltchageist
92%
#006 Quagsire
92%
#022 Raichu
92%
#077 Sinistcha
92%
#001 Spinarak
92%
#069 Trevenant
92%
#196 Ursaluna
92%
#009 Volbeat
92%
#037 Vulpix
92%
#136 Weezing
92%
#005 Wooper
92%
#004 Yanmega
92%
#195 Basculegion
85%
#153 Clefable
85%
#152 Clefairy
85%
#151 Cleffa
85%
#087 Conkeldurr
85%
#181 Ducklett
85%
#080 Geodude
85%
#121 Gligar
85%
#156 Glimmet
85%
#157 Glimmora
85%
#122 Gliscor
85%
#082 Golem
85%
#081 Graveler
85%
#086 Gurdurr
85%
#132 Hakamo-o
85%
#092 Hatenna
85%
#094 Hatterene
85%
#093 Hattrem
85%
#045 Hoothoot
85%
#131 Jangmo-o
85%
#133 Kommo-o
85%
#015 Leavanny
85%
#145 Magcargo
85%
#052 Mamoswine
85%
#128 Mandibuzz
85%
#102 Munchlax
85%
#046 Noctowl
85%
#055 Nuzleaf
85%
#051 Piloswine
85%
#042 Politoed
85%
#039 Poliwag
85%
#040 Poliwhirl
85%
#041 Poliwrath
85%
#054 Seedot
85%
#013 Sewaddle
85%
#056 Shiftry
85%
#144 Slugma
85%
#103 Snorlax
85%
#014 Swadloon
85%
#182 Swanna
85%
#050 Swinub
85%
#085 Timburr
85%
#127 Vullaby
85%
#047 Aipom
77%
#048 Ambipom
77%
#101 Annihilape
77%
#079 Arcanine
77%
#090 Arrokuda
77%
#162 Barboach
77%
#091 Barraskewda
77%
#023 Bellsprout
77%
#134 Bombirdier
77%
#185 Cramorant
77%
#158 Feebas
77%
#078 Growlithe
77%
#105 Lombre
77%
#104 Lotad
77%
#065 Lucario
77%
#106 Ludicolo
77%
#099 Mankey
77%
#159 Milotic
77%
#100 Primeape
77%
#064 Riolu
77%
#030 Staraptor
77%
#029 Staravia
77%
#028 Starly
77%
#025 Victreebel
77%
#024 Weepinbell
77%
#163 Whiscash
77%
#187 Bisharp
69%
#083 Bonsly
69%
#148 Chandelure
69%
#031 Fomantis
69%
#027 Furret
69%
#165 Gabite
69%
#060 Gallade
69%
#166 Garchomp
69%
#059 Gardevoir
69%
#118 Gastly
69%
#120 Gengar
69%
#164 Gible
69%
#192 Grimmsnarl
69%
#126 Grumpig
69%
#044 Gyarados
69%
#119 Haunter
69%
#049 Heracross
69%
#190 Impidimp
69%
#188 Kingambit
69%
#058 Kirlia
69%
#147 Lampent
69%
#146 Litwick
69%
#032 Lurantis
69%
#043 Magikarp
69%
#191 Morgrem
69%
#095 Morpeko
69%
#088 Noibat
69%
#089 Noivern
69%
#186 Pawniard
69%
#057 Ralts
69%
#116 Sandshrew
69%
#117 Sandslash
69%
#026 Sentret
69%
#125 Spoink
69%
#084 Sudowoodo
69%
#143 Chimecho
62%
#142 Chingling
62%
#140 Dusclops
62%
#141 Dusknoir
62%
#139 Duskull
62%
#176 Eelektrik
62%
#177 Eelektross
62%
#174 Froslass
62%
#173 Glalie
62%
#193 Indeedee
62%
#071 Lycanroc
62%
#129 Mudbray
62%
#130 Mudsdale
62%
#070 Rockruff
62%
#168 Salandit
62%
#169 Salazzle
62%
#172 Snorunt
62%
#175 Tynamo
62%
#113 Charjabug
54%
#016 Cutiefly
54%
#161 Dudunsparce
54%
#160 Dunsparce
54%
#180 Goodra
54%
#178 Goomy
54%
#112 Grubbin
54%
#124 Houndoom
54%
#123 Houndour
54%
#110 Luxio
54%
#111 Luxray
54%
#098 Maushold
54%
#137 Mienfoo
54%
#138 Mienshao
54%
#107 Nosepass
54%
#115 Oricorio
54%
#096 Orthworm
54%
#108 Probopass
54%
#017 Ribombee
54%
#109 Shinx
54%
#179 Sliggoo
54%
#053 Stantler
54%
#097 Tandemaus
54%
#074 Toedscool
54%
#075 Toedscruel
54%
#114 Vikavolt
54%
#167 Carbink
46%
#183 Chewtle
46%
#184 Drednaw
46%
#073 Greedent
46%
#061 Kricketot
46%
#062 Kricketune
46%
#067 Lilligant
46%
#189 Mimikyu
46%
#063 Pachirisu
46%
#066 Petilil
46%
#072 Skwovet
46%
#170 Sneasel
46%
#171 Weavile
46%
#155 Bronzong
38%
#154 Bronzor
38%
#150 Masquerain
38%
#149 Surskit
38%
No matching quizzes found
Score Distribution
Percent of People with Each Score
Percentile by Number Answered
Your Score History
You have not taken this quiz